000 01077nam a2200301Ia 4500
001 Z_1905
003 CHAP
008 220113s1996 xx 000 0 und d
010 _a164997
040 _cCHAP
090 _aTesis G 1130
100 _aGarcía Hernández, Filemón
_946118
245 _aEfecto del tipo y forma física del grano y forraje en bovinos alimentados con dietas mixtas. Fase 3. Comportamiento /
_cpor Filemón García Hernández, Joel Humberto Negrete Hueso y Dionisio Rolando Orozco Jiménez
260 _aChapingo, Méx. :
_bEl autor,
_c1996
300 _a82 h.
440 _a
502 _aTesis (Ing. Agr. Esp. en Zootecnia) -- UACH. Departamento de Zootecnia
503 _a
650 _aForrajes I. UACH. Departamento de Zootecnia II. t. III. Negrete Hueso, Joel Humberto IV. Orozco Jiménez, Dionisio Rolando
_9139013
650 _aGanado vacuno
_xAlimentación
_945429
650 _aGanado vacuno
_xProducción
_945506
901 _aTesis G 1130
902 _aA
910 _a1996
942 _c2
942 _c2
999 _c164997
_d164997